000 01152nam a2200301Ia 4500
001 ebr10167449
003 CaPaEBR
006 m u
007 cr cn|||||||||
008 060704s2006 enk sb 001 0 eng d
020 _z1403976155 (hbk.) :
020 _z9781403976154 (hbk.) :
040 _aCaPaEBR
_cCaPaEBR
035 _a(OCoLC)234083857
050 1 4 _aBL2747.8
_b.K46 2006eb
082 0 4 _a211.609
_222
100 1 _aKennedy, Emmet.
245 1 0 _aSecularism and its opponents from Augustine to Solzhenitsyn
_h[electronic resource] /
_cEmmet Kennedy.
260 _aBasingstoke :
_bPalgrave Macmillan,
_c2006.
300 _ax, 278 p.
504 _aIncludes bibliographical references and index.
533 _aElectronic reproduction.
_bPalo Alto, Calif. :
_cebrary,
_d2009.
_nAvailable via World Wide Web.
_nAccess may be limited to ebrary affiliated libraries.
650 0 _aSecularism
_xHistory.
650 0 _aPhilosophy.
655 7 _aElectronic books.
_2local
710 2 _aebrary, Inc.
856 4 0 _uhttp://site.ebrary.com/lib/rucke/Doc?id=10167449
_zAn electronic book accessible through the World Wide Web; click to view
999 _c246970
_d246970